00765cam a2200241u 450000100060000000300080000600500170001400800410003103500190007204000330009104100080012408200180013210000450015024500510019526000340024630000350028050000100031550000400032550200470036550400310041260000480044360000320049131589BD-RjUL20211209051725.0140420s1966 nyu b 000 0beng  a(BD-RjUL)31677 aDLCcCarPdDLCdBD-RjULbeng aeng a193bMAO 19661 aMaier, Joseph,d1911- [from old catalog]10aOn Hegel's critique of Kant /cby Josef Maier. aNew York :bAMS press,c1966. aviii p., 1 l.,108 p. ;c22 cm. aVita. aPublished also without thesis note. aThesis (Ph.D.)--Columbia University, 1939. aBibliography: p. [99]-101.10aHegel, Georg Wilhelm Friedrich,d1770-1831.10aKant, Immanuel,d1724-1804.